Barack Obama : (Record no. 26822)

MARC details
000 -LEADER
fixed length control field 02416nam a2200541Ia 4500
001 - CONTROL NUMBER
control field sjds380498
003 - CONTROL NUMBER IDENTIFIER
control field sjds
005 - DATE AND TIME OF LATEST TRANSACTION
control field 20240309121022.0
008 - FIXED-LENGTH DATA ELEMENTS--GENERAL INFORMATION
fixed length control field 090126t20092009fluab j 000 0 spa d
020 ## - INTERNATIONAL STANDARD BOOK NUMBER
International Standard Book Number 9781603966238 (pbk.)
020 ## - INTERNATIONAL STANDARD BOOK NUMBER
International Standard Book Number 1603966234 (pbk.)
035 ## - SYSTEM CONTROL NUMBER
System control number (OCoLC)299576539
040 ## - CATALOGING SOURCE
Modifying agency UtOrBLW
Transcribing agency sjds
041 ## - LANGUAGE CODE
Language code of text/sound track or separate title spa
049 ## - LOCAL HOLDINGS (OCLC)
Holding library IFAA
099 ## - LOCAL FREE-TEXT CALL NUMBER (OCLC)
Classification number 92 OBAMA
Filing suffix 2009
100 1# - MAIN ENTRY--PERSONAL NAME
Personal name Edwards, Roberta.
240 10 - UNIFORM TITLE
Uniform title <a href="Barack Obama: President of the United States.">Barack Obama: President of the United States.</a>
Language of a work Spanish
245 10 - TITLE STATEMENT
Title Barack Obama :
Remainder of title Presidente de Estados Unidos /
Statement of responsibility, etc. Roberta Edwards ; ilustraciones de Ken Call.
260 ## - PUBLICATION, DISTRIBUTION, ETC. (IMPRINT)
Place of publication, distribution, etc. Miama, Fla. :
Name of publisher, distributor, etc. Altea/Santillana USA,
Date of publication, distribution, etc. c2009
264 #1 - PRODUCTION, PUBLICATION, DISTRIBUTION, MANUFACTURE, AND COPYRIGHT NOTICE
Place of production, publication, distribution, manufacture Miama, Fla. :
Name of producer, publisher, distributor, manufacturer Altea/Santillana USA,
Date of production, publication, distribution, manufacture, or copyright notice [2009]
264 #4 - PRODUCTION, PUBLICATION, DISTRIBUTION, MANUFACTURE, AND COPYRIGHT NOTICE
Date of production, publication, distribution, manufacture, or copyright notice c2009
300 ## - PHYSICAL DESCRIPTION
Extent 64 pages :
Other physical details illustrations, maps ;
Dimensions 23 cm
336 ## - CONTENT TYPE
Content type term text
Content type code txt
Source rdacontent
337 ## - MEDIA TYPE
Media type term unmediated
Media type code n
Source rdamedia
338 ## - CARRIER TYPE
Carrier type term volume
Carrier type code nc
Source rdacarrier
500 ## - GENERAL NOTE
General note "Best seller del New York Times"--Cover.
521 8# - TARGET AUDIENCE NOTE
Target audience note 710
Source Lexile
526 0# - STUDY PROGRAM INFORMATION NOTE
Program name Accelerated Reader
Interest level LG
Reading level 4.8
Title point value 1.0
Public note 128250SP
600 10 - SUBJECT ADDED ENTRY--PERSONAL NAME
Personal name Obama, Barack
Form subdivision Juvenile literature.
600 17 - SUBJECT ADDED ENTRY--PERSONAL NAME
Personal name Obama, Barack
Form subdivision Literatura juvenil.
Source of heading or term bidex
610 10 - SUBJECT ADDED ENTRY--CORPORATE NAME
Corporate name or jurisdiction name as entry element United States.
Subordinate unit Congress.
-- Senate
Form subdivision Biography
-- Juvenile literature.
610 17 - SUBJECT ADDED ENTRY--CORPORATE NAME
Corporate name or jurisdiction name as entry element Estados Unidos.
Subordinate unit Congreso.
-- Senado
Form subdivision Biografía
-- Literatura juvenil.
Source of heading or term local
650 #0 - SUBJECT ADDED ENTRY--TOPICAL TERM
Topical term or geographic name as entry element Presidential candidates
Geographic subdivision United States
Form subdivision Biography
-- Juvenile literature.
650 #0 - SUBJECT ADDED ENTRY--TOPICAL TERM
Topical term or geographic name as entry element Presidents
Geographic subdivision United States
General subdivision Election
Chronological subdivision 2008
Form subdivision Juvenile literature.
650 #0 - SUBJECT ADDED ENTRY--TOPICAL TERM
Topical term or geographic name as entry element Legislators
Geographic subdivision United States
Form subdivision Biography
-- Juvenile literature.
650 #0 - SUBJECT ADDED ENTRY--TOPICAL TERM
Topical term or geographic name as entry element African American legislators
Form subdivision Biography
-- Juvenile literature.
650 #0 - SUBJECT ADDED ENTRY--TOPICAL TERM
Topical term or geographic name as entry element African Americans
Form subdivision Biography
-- Juvenile literature.
650 #0 - SUBJECT ADDED ENTRY--TOPICAL TERM
Topical term or geographic name as entry element Racially mixed people
Geographic subdivision United States
Form subdivision Biography
-- Juvenile literature.
650 #7 - SUBJECT ADDED ENTRY--TOPICAL TERM
Topical term or geographic name as entry element Candidatos presidenciales
Geographic subdivision Estados Unidos
Form subdivision Biografía
-- Literatura juvenil.
Source of heading or term bidex
650 #7 - SUBJECT ADDED ENTRY--TOPICAL TERM
Topical term or geographic name as entry element Presidentes
Geographic subdivision Estados Unidos
General subdivision Elección
Chronological subdivision 2008
Form subdivision Literatura juvenil.
Source of heading or term bidex
650 #7 - SUBJECT ADDED ENTRY--TOPICAL TERM
Topical term or geographic name as entry element Afronorteamericanos
Form subdivision Biografía
-- Literatura juvenil.
Source of heading or term bidex
650 #7 - SUBJECT ADDED ENTRY--TOPICAL TERM
Topical term or geographic name as entry element Legisladores
Geographic subdivision Estados Unidos
Form subdivision Biografía
-- Literatura juvenil.
Source of heading or term local
650 #7 - SUBJECT ADDED ENTRY--TOPICAL TERM
Topical term or geographic name as entry element Legisladores afronorteamericanos
Geographic subdivision Estados Unidos
Form subdivision Biografía
-- Literatura juvenil.
Source of heading or term local
650 #7 - SUBJECT ADDED ENTRY--TOPICAL TERM
Topical term or geographic name as entry element Gente de raza mezclada
Geographic subdivision Estados Unidos
Form subdivision Biografía
-- Literatura juvenil.
Source of heading or term local
700 1# - ADDED ENTRY--PERSONAL NAME
Personal name Call, Ken.
942 ## - ADDED ENTRY ELEMENTS (KOHA)
Koha item type Libro/Book
Source of classification or shelving scheme Dewey Decimal Classification
Holdings
Withdrawn status Lost status Damaged status Not for loan Home library Current library Date acquired Total Checkouts Full call number Barcode Date last seen Date checked out Price effective from Koha item type Inventory number
        San Juan Del Sur -- Biblioteca San Juan Del Sur -- Biblioteca 13/05/2014 3 JF 30004162 04/03/2024 27/04/2022 13/05/2014 Libro/Book  
        San Juan Del Sur -- Mobile San Juan Del Sur -- Mobile 04/03/2024   JF 33016159 04/03/2024   04/03/2024 Libro/Book Inventory date: 27-2-25

Powered by Koha